Programové vyhlásenie vlády Slovenskej republiky august 2006

Demokracia a právny štát. Demokratický štát. Spravodlivosť. Vnútorný poriadok a bezpečnosť. Verejná správa. Obrana štátu. Zahraničná politika. Dokončenie Programového vyhlásenia vlády SR.

Gespeichert in:
Bibliographische Detailangaben
Format: Buchkapitel
Sprache:Slowakisch
Schlagworte:
Tags: Tag hinzufügen
Keine Tags, Fügen Sie das erste Tag hinzu!

MARC

LEADER 00000naa$a2200000$$$4500
001 0047340
005 20231016084930.1
041 0 |a slo 
044 |a SK 
245 1 0 |a Programové vyhlásenie vlády Slovenskej republiky  |b august 2006 
520 |a Demokracia a právny štát. Demokratický štát. Spravodlivosť. Vnútorný poriadok a bezpečnosť. Verejná správa. Obrana štátu. Zahraničná politika. Dokončenie Programového vyhlásenia vlády SR. 
610 2 0 |a programy vládne 
610 2 0 |a demokracia 
610 2 0 |a štát právny 
610 2 0 |a spravodlivosť 
610 2 0 |a bezpečnosť 
610 2 0 |a správa verejná 
610 2 0 |a obrana štátu 
610 2 0 |a politika zahraničná 
610 2 0 |a Slovensko